Úhrada za kúpeľné procedúry strava a ubytovanie
Pribudla nová nezdaniteľná časť na kúpeľnú starostlivosť. Oprávnenými osobami na uplatnenie sú aj deti a manželka zamestnanca. Daňovník o úľavu požiada v marci 2019. Aké úhrady sa posudzujú. V akej výške sa poskytuje táto nezdaniteľná časť. Doklady, ktoré je potrebné predložiť zamestnávateľovi.
Enregistré dans:
| Auteur principal: | |
|---|---|
| Format: | Chapitre de livre |
| Langue: | slovaque |
| Sujets: | |
| Tags: |
Pas de tags, Soyez le premier à ajouter un tag!
|
MARC
| LEADER | 00000naa a2200000 4500 | ||
|---|---|---|---|
| 001 | 0252381 | ||
| 005 | 20190321122340.6 | ||
| 041 | 0 | |a slo | |
| 044 | |a SK | ||
| 245 | 1 | 0 | |a Úhrada za kúpeľné procedúry strava a ubytovanie |c Ľudmila Kohútová |
| 520 | |a Pribudla nová nezdaniteľná časť na kúpeľnú starostlivosť. Oprávnenými osobami na uplatnenie sú aj deti a manželka zamestnanca. Daňovník o úľavu požiada v marci 2019. Aké úhrady sa posudzujú. V akej výške sa poskytuje táto nezdaniteľná časť. Doklady, ktoré je potrebné predložiť zamestnávateľovi. | ||
| 610 | 2 | 0 | |a starostlivosť kúpeľná |
| 610 | 2 | 0 | |a dane |
| 610 | 2 | 0 | |a základ dane |
| 610 | 2 | 0 | |a daňovníci |
| 610 | 2 | 0 | |a zamestnanci |
| 610 | 2 | 0 | |a zamestnávatelia |
| 100 | 1 | |a Kohútová, Ľudmila | |